| 000 | 00936cam a2200277 a 4500 | ||
|---|---|---|---|
| 001 | 4942705 | ||
| 003 | mut | ||
| 005 | 20240606081320.0 | ||
| 008 | 960208s1997 mau b 001 0 eng | ||
| 010 | _a 96006862 | ||
| 020 | _a0023192135 | ||
| 040 | _cmut | ||
| 050 | 0 | 0 |
_aHV 6626 _b.V55 1997 |
| 082 | 0 | 0 |
_a362.82/92 _220 |
| 245 | 0 | 0 |
_aViolence between intimate partners : _bpatterns, causes, and effects / |
| 260 |
_aBoston : _bAllyn & Bacon, _cc1997. |
||
| 300 |
_ax, 230 p. ; _c23 cm. |
||
| 504 | _aIncludes bibliographical references (p. 187-218) and index. | ||
| 650 | 0 | _aIntimate partner violence. | |
| 650 | 0 | _aAbusive men. | |
| 650 | 0 | _aAbused women. | |
| 700 | 1 | _aCardarelli, Albert P. | |
| 906 |
_a7 _bcbc _corignew _d1 _eocip _f19 _gy-gencatlg |
||
| 942 |
_2lcc _cBK |
||
| 999 |
_c14765 _d14765 |
||